Language By Flag - Statistics

General Stats
  • This quiz has been taken 59 times
  • The average score is 7 of 11
Answer Stats
Picture Answer % Correct
Swedish
100%
German Austrian
83%
Dutch
79%
Romanian
77%
Luxembourgish
70%
Maori
62%
Hawaiian
55%
Haitian Creole
45%
Gaelic
38%
Frisian
25%
Wolof
21%
No matching quizzes found
Score Distribution
Percent of People with Each Score
Percentile by Number Answered
Your Score History
You have not taken this quiz